Central Library OPAC University of Rajshahi

Dynamics of Indian agriculture since independence, penetrating glimpses / (Record no. 14554)

MARC details
000 -LEADER
fixed length control field 00644nam a22002177a 4500
001 - CONTROL NUMBER
control field 14554
003 - CONTROL NUMBER IDENTIFIER
rucl marc code BD-RjUL
005 - DATE AND TIME OF LATEST TRANSACTION
control field 20211208235641.0
008 - FIXED-LENGTH DATA ELEMENTS--GENERAL INFORMATION
fixed length control field 140206s1959 ii ||||| |||| 00| 0 eng d
035 ## - SYSTEM CONTROL NUMBER
System control number (BD-RjUL)14607
040 ## - CATALOGING SOURCE
Original cataloging agency BD-RjUL
Language of cataloging eng
Transcribing agency BD-RjUL
Modifying agency BD-RjUL
041 ## - LANGUAGE CODE
Language code of text/sound track or separate title eng
082 ## - DEWEY DECIMAL CLASSIFICATION NUMBER
Edition number 22
Classification number 362.2808
Author mark and year JOD 1959
100 ## - MAIN ENTRY--PERSONAL NAME
Personal name John ,P V
9 (RLIN) 45384
245 ## - TITLE STATEMENT
Title Dynamics of Indian agriculture since independence, penetrating glimpses /
260 ## - PUBLICATION, DISTRIBUTION, ETC. (IMPRINT)
Place of publication, distribution, etc. New Delhi :
Name of publisher, distributor, etc. Sudha,
Date of publication, distribution, etc. 1959
300 ## - PHYSICAL DESCRIPTION
Pagination 45 p . :
Illustrations ;
Size 23 cm.
490 ## - SERIES STATEMENT
Series statement Penetrating glimpses series.
650 ## - SUBJECT ADDED ENTRY--TOPICAL TERM
Source of heading or term Agriculture -- Economic aspects -- India.
942 ## - ADDED ENTRY ELEMENTS (KOHA)
Source of classification or shelving scheme Dewey Decimal Classification
Koha item type Books
Holdings
Lost status Source of classification or shelving scheme Damaged status Not for loan Collection code Permanent Location Current Location Shelving location Date acquired Source of acquisition Cost, normal purchase price Total Checkouts Full call number Date last seen Copy number Koha item type
  Dewey Decimal Classification   Not For Loan Non-fiction Central Library, University of Rajshahi Central Library, University of Rajshahi Reading Room 08/02/1967 Royal BooK Co. 2.50   362.2808 JOD 1959 06/02/2014 C-1 Books